Who sing that Glee´s song? (Season 1) - Statistics

General Stats
  • This quiz has been taken 989 times
  • The average score is 10 of 11
Answer Stats
Song Answer % Correct
Jessie´s Girl (Rick Springfield) Finn Hudson
99%
Take a Bow (Rihanna) Rachel Berry
99%
Respect (Aretha Franklin) Mercedes Jones
97%
Sweet Caroline (Neil Diamond) Noah Puckerman
96%
Dancing With Myself (Billy Idol) Artie Abrahams
92%
A House Is Not A Home (Burt Bacharach) Kurt Hummel
92%
Vogue (Madonna) Sue Silvester
92%
Ice Ice Baby (Vanilla Ice) Will Schuester
92%
You Keep Me Hangin' On (The Supremes) Quinn Fabray
91%
Tonight (West Side Story) Tina Cohen-Chang
81%
Funny Girl (Barbra Streisand) Shelby Corcoran
57%
No matching quizzes found
Score Distribution
Percent of People with Each Score
Percentile by Number Answered
Your Score History
You have not taken this quiz